[Event "FICGS class C 000178 email"]
[Site "FICGS email"]
[Date "2011.07.07"]
[Round "1"]
[White "Kepinski, Janusz"]
[Black "Caufield, William"]
[Result "1-0"]
[WhiteElo "1706"]
[BlackElo "1700"]
[PlyCount "75"]
[EventDate "2011.??.??"]
[EventType "tourn (corr)"]
[EventRounds "1"]
[SourceTitle "Corr 2013"]
[Source "ChessBase"]
[SourceDate "2012.11.12"]
[SourceVersion "1"]
[SourceVersionDate "2012.11.12"]
[SourceQuality "1"]

1. d4 Nf6 2. c4 e6 3. Bg5 Bb4+ 4. Nc3 c5 5. d5 0-0 6. e3 exd5 7. cxd5 h6 8. Bh4 d6 9. Nge2 Nbd7 10. a3 Ba5 11. Qb3 Rb8 12. Bxf6 Nxf6 13. g3 Re8 14. Bg2 Bf5 15. 0-0 a6 16. Rfc1 b5 17. Qd1 Qb6 18. h3 Bh7 19. Nf4 Rbc8 20. Qe2 Qb7 21. h4 Qe7 22. Rd1 Qe5 23. Rac1 c4 24. Bh3 Rc7 25. h5 Rce7 26. a4 Rb7 27. Bg2 Nd7 28. axb5 axb5 29. e4 Nc5 30. Qe3 Nb3 31. Rc2 Bb6 32. Qe1 Bc5 33. Qf1 Qf6 34. Re1 Ba7 35. Kh2 Nd4 36. Rcc1 Nb3 37. Rc2 Reb8 38. Bh1 1-0